00314 a2200133 450000100060000002000180000604000260002410000180005024000350006824500300010330000070013336200090014065000310014948399 a9788562832932 cAnchieta - Bela Vista aBorba, Marcos10aMiau e o pé de feijãolpor10aMiau e o pé de feijão a350 a2017 4aLiteratura infanto-juvenil